Essay (Record no. 4261)

MARC details
000 -LEADER
fixed length control field 00500cam a2200205ua 4500
001 - CONTROL NUMBER
control field 5081
005 - DATE AND TIME OF LATEST TRANSACTION
control field 20260515113831.0
008 - FIXED-LENGTH DATA ELEMENTS--GENERAL INFORMATION
fixed length control field 150129n ii |||gr||||Z||||||eng
040 ## - CATALOGING SOURCE
Transcribing agency MAIN
041 ## - LANGUAGE CODE
Language code of text/sound track or separate title eng
082 ## - DEWEY DECIMAL CLASSIFICATION NUMBER
Classification number 824
100 ## - MAIN ENTRY--PERSONAL NAME
Personal name Bacon, Francics,
Relator term Author.,
245 ## - TITLE STATEMENT
Title Essay
Statement of responsibility, etc. by Francis Bacon
250 ## - EDITION STATEMENT
Edition statement 22th.
260 ## - PUBLICATION, DISTRIBUTION, ETC.
Place of publication, distribution, etc. New Delhi:
Name of publisher, distributor, etc. Rama brothers india pvt. ltd.,
Date of publication, distribution, etc. 1996.
300 ## - PHYSICAL DESCRIPTION
Extent 441p:
Dimensions 23cm.
653 ## - INDEX TERM--UNCONTROLLED
Uncontrolled term English essays
700 ## - ADDED ENTRY--PERSONAL NAME
Personal name Lall, Ramji,
Relator term Editor.,
942 ## - ADDED ENTRY ELEMENTS (KOHA)
Koha item type Books
Holdings
Withdrawn status Lost status Damaged status Not for loan Home library Current library Shelving location Date acquired Total checkouts Full call number Barcode Date last seen Copy number Price effective from Koha item type Date last checked out
        Naharkatiya College Library Naharkatiya College Library General stacks 09/19/2020   824 | BAC 4792 09/19/2020 1 09/19/2020 Books  
        Naharkatiya College Library Naharkatiya College Library General stacks 09/19/2020 2 824 | BAC 4859 02/02/2021 2 09/19/2020 Books 01/23/2021